[Event "FIDE World Rapid Team"]
[Site "London ENG"]
[Date "2025.06.13"]
[Round "9.5"]
[White "Gledura, Benjamin"]
[Black "Adams, Michael"]
[Result "0-1"]
[WhiteElo "2575"]
[BlackElo "2628"]
[EventDate "2025.06.11"]
[Board "3"]

1. c4 e5 2. Nc3 Nf6 3. Nf3 Nc6 4. g3 d5 5. cxd5 Nxd5 6. Bg2 Bc5 7. O-O O-O
8. Qc2 Nf6 9. a3 a5 10. e3 Re8 11. Ng5 h6 12. Nge4 Nxe4 13. Nxe4 Bf8 14. b3
f5 15. Nc3 e4 16. Nb5 Re5 17. Nc3 Re8 18. f4 exf3 19. Rxf3 Ne5 20. Rf4 c6
21. Bb2 Qd3 22. Qd1 Rd8 23. Ne4 Ng4 24. Bf1 Qd7 25. Bh3 Qe8 26. Bxg4 fxg4
27. Qc2 Be6 28. Raf1 Be7 29. Nf6+ Bxf6 30. Rxf6 Rd7 31. Rg6 Rad8 32. Qe4
Re7 33. Bc3 Bc8 34. Qc2 Rd5 35. Rff6 h5 36. Rf4 Be6 37. Bf6 Red7 38. d4 Bf5
39. Rxg7+ Rxg7 40. Rxf5 Rxf5 41. Qxf5 Qxe3+ 42. Kf1 Rf7 43. Qg6+ Kf8 44.
Qf5 Qf3+ 45. Qxf3 gxf3 46. Be5 Rf5 47. Kf2 Kf7 48. h3 Kg6 49. a4 Rf7 50.
Bf4 h4 51. Kxf3 hxg3 52. Kxg3 Kf5 53. h4 Rd7 54. Bd2 Rxd4 55. Bxa5 Rd3+ 56.
Kf2 Rxb3 57. Bd8 Rd3 58. Bb6 Kg4 0-1

[Event "FIDE World Rapid Team"]
[Site "London ENG"]
[Date "2025.06.13"]
[Round "9.5"]
[White "Saric, Ivan"]
[Black "Volokitin, Andrei"]
[Result "1/2-1/2"]
[WhiteElo "2597"]
[BlackElo "2568"]
[EventDate "2025.06.11"]
[Board "4"]

1. e4 e5 2. Nf3 Nf6 3. Nxe5 d6 4. Nf3 Nxe4 5. d4 d5 6. Bd3 Bf5 7. O-O Be7
8. Nbd2 Nxd2 9. Qxd2 Bxd3 10. Qxd3 O-O 11. Qb5 Nc6 12. Qxb7 Nb4 13. Bf4 Bd6
14. Bxd6 Qxd6 15. Qb5 Nxc2 16. Rac1 Nb4 17. Ne5 f6 18. Nc6 Nxc6 19. Rxc6
Rab8 20. Qa6 Qd7 21. Rc2 c6 22. h3 Rb6 23. Qa4 Qb7 24. Re1 Ra6 25. Re7 Rxa4
26. Rxb7 Rf7 27. Rb8+ Rf8 28. Rb7 Rf7 29. Rb8+ Rf8 1/2-1/2

[Event "FIDE World Rapid Team"]
[Site "London ENG"]
[Date "2025.06.13"]
[Round "9.5"]
[White "Osmak, Yuliia"]
[Black "Mirzoeva, Elmira"]
[Result "1-0"]
[WhiteElo "2343"]
[BlackElo "2176"]
[EventDate "2025.06.11"]
[Board "5"]

1. e4 c6 2. d4 d5 3. e5 Bf5 4. h4 h5 5. Bd3 Bxd3 6. Qxd3 Qa5+ 7. Nd2 e6 8.
Nf3 Nh6 9. O-O Nf5 10. Nb3 Qc7 11. Bg5 Be7 12. Qd2 Na6 13. Rac1 O-O 14. g3
c5 15. c3 Rac8 16. Qe2 g6 17. Rfd1 Qb6 18. Bxe7 Nxe7 19. c4 cxd4 20. Nbxd4
Nc5 21. Nb5 Ne4 22. Kg2 a6 23. Nbd4 Rfd8 24. cxd5 exd5 25. Rxc8 Rxc8 26.
Ng5 Nxg5 27. hxg5 Nc6 28. Nf3 Nb4 29. a3 Rc2 30. Qe1 Nc6 31. e6 Rxb2 32.
Rxd5 Ne7 33. Rd7 Nf5 34. exf7+ Kg7 35. Qe5+ Kh7 36. f8=Q+ 1-0

[Event "FIDE World Rapid Team"]
[Site "London ENG"]
[Date "2025.06.13"]
[Round "9.5"]
[White "Soulier, Alfred"]
[Black "Sailaubay, Aldiyar"]
[Result "0-1"]
[WhiteElo "2042"]
[BlackElo "1831"]
[EventDate "2025.06.11"]
[Board "6"]

1. d4 Nf6 2. Nc3 d5 3. Bf4 e6 4. e3 Bd6 5. Qf3 a6 6. Bxd6 Qxd6 7. Qg3 Qxg3
8. hxg3 Nbd7 9. Nf3 c5 10. Be2 h6 11. a4 Ke7 12. Nd2 b6 13. Bf3 Bb7 14. Ke2
Rhc8 15. dxc5 bxc5 16. Rhe1 Rab8 17. b3 Ne5 18. Kf1 Kf8 19. Rad1 Nc6 20. e4
Nd4 21. Rc1 Rd8 22. exd5 exd5 23. Ne2 Nxf3 24. Nxf3 g5 25. Ne5 Re8 26. f4
Kg7 27. Nc3 d4 28. Ne2 Nd5 29. Nc4 Ne3+ 30. Nxe3 Rxe3 31. Kf2 Rbe8 32. Rb1
Bxg2 33. b4 Be4 34. Rbc1 gxf4 35. gxf4 Rf3+ 36. Kg1 Re6 37. Kh2 Rg6 38. Rg1
Rf2+ 39. Kh3 Bf5+ 40. Kh4 Rh2# 0-1

[Event "FIDE World Rapid Team"]
[Site "London ENG"]
[Date "2025.06.13"]
[Round "9.6"]
[White "Kozak, Adam"]
[Black "Navara, David"]
[Result "1-0"]
[WhiteElo "2577"]
[BlackElo "2671"]
[EventDate "2025.06.11"]
[Board "1"]

1. d4 Nf6 2. c4 e6 3. Nc3 Bb4 4. e3 O-O 5. Bd3 d5 6. a3 Bxc3+ 7. bxc3 dxc4
8. Bxc4 c5 9. Ne2 Qc7 10. Ba2 Rd8 11. O-O b6 12. Ng3 Ba6 13. Re1 Nc6 14.
Bb2 Na5 15. e4 Bc4 16. Bxc4 Nxc4 17. Bc1 cxd4 18. cxd4 Qd7 19. e5 Nd5 20.
Bg5 Rf8 21. Nh5 Kh8 22. Qd3 b5 23. Re4 f5 24. exf6 gxf6 25. Bh6 Rg8 26.
Rae1 Rg6 27. Bc1 Rag8 28. g3 f5 29. R4e2 h6 30. Qf3 Kh7 31. Bf4 Qf7 32. h3
a6 33. Kh2 Rd8 34. Be5 Rg5 35. Nf4 Nxf4 36. Bxf4 Rg6 37. d5 Rxd5 38. Rxe6
Rxe6 39. Qxd5 Rf6 40. Qd8 Re6 41. Rd1 Re8 42. Qd4 Qe6 43. Qc5 Kg6 44. h4
Rc8 45. Qa7 Re8 46. h5+ Kxh5 47. Qg7 Re7 48. g4+ fxg4 49. Rd5+ Ne5 50.
Rxe5+ Qxe5 51. Qxh6# 1-0

[Event "FIDE World Rapid Team"]
[Site "London ENG"]
[Date "2025.06.13"]
[Round "9.6"]
[White "Klimkowski, Jan"]
[Black "Kantor, Gergely"]
[Result "0-1"]
[WhiteElo "2416"]
[BlackElo "2545"]
[EventDate "2025.06.11"]
[Board "2"]

1. d4 Nf6 2. c4 e6 3. Nc3 Bb4 4. f3 c5 5. d5 d6 6. e4 b5 7. Bd2 a6 8. a4
exd5 9. cxd5 Nh5 10. Qc1 f5 11. exf5 O-O 12. g4 Nd7 13. axb5 Ne5 14. Be2
Qh4+ 15. Kf1 Ng3+ 16. Kg2 Nxh1 17. Kxh1 h6 18. Bf4 c4 19. Ne4 Qe7 20. f6
Rxf6 21. Nxf6+ Qxf6 22. Bxc4 Nxc4 23. Qxc4 axb5 24. Qxb4 Rxa1 25. Kg2 Rb1
26. Qe4 Rxb2+ 27. Kh1 Bd7 28. Bg3 b4 29. Ne2 b3 30. Nd4 Ra2 0-1

[Event "FIDE World Rapid Team"]
[Site "London ENG"]
[Date "2025.06.13"]
[Round "9.6"]
[White "Erdos, Viktor"]
[Black "Seemann, Jakub"]
[Result "0-1"]
[WhiteElo "2525"]
[BlackElo "2392"]
[EventDate "2025.06.11"]
[Board "3"]

1. e4 c5 2. Nf3 d6 3. Nc3 Nf6 4. d4 cxd4 5. Qxd4 Nc6 6. Qd3 g6 7. Nd5 Bg7
8. c3 O-O 9. Bg5 Nd7 10. Rd1 Rb8 11. Be2 h6 12. Bh4 b5 13. O-O b4 14. Nd4
Nde5 15. Nxc6 Nxc6 16. Qc4 g5 17. Bxg5 hxg5 18. Qxc6 bxc3 19. bxc3 e6 20.
Ne3 Rb6 21. Qa4 Qc7 22. Qa5 Qc5 23. Qxc5 dxc5 24. Rc1 Rb2 25. Bc4 Bb7 26.
f3 Rd8 27. Rfd1 Rdd2 28. Rxd2 Rxd2 29. Kf1 Be5 30. Rc2 Rxc2 31. Nxc2 Bxh2
32. Ke2 Kf8 33. Ne1 Ke7 34. Nd3 Kd6 35. g4 Bg3 36. Ke3 Bc6 37. Ke2 Bd7 38.
Ke3 f6 39. Ke2 Kc6 40. Ke3 Bc7 41. Ke2 Bd6 42. Ke3 Kb6 43. Kd2 Ka5 44. Kc2
f5 45. exf5 exf5 46. gxf5 Bxf5 47. Kb3 Kb6 48. Nf2 Be7 49. Bd5 Bd7 50. Ng4
Kc7 51. Ne5 Kd6 52. Nxd7 Kxd5 53. Nb8 c4+ 54. Ka4 Bf6 55. Kb4 a5+ 56. Kxa5
Bxc3+ 57. Kb5 Be5 58. Nc6 Bd6 59. Na5 c3 60. Nc4 Bc5 61. Na5 c2 62. Nb3 Ba3
0-1

[Event "FIDE World Rapid Team"]
[Site "London ENG"]
[Date "2025.06.13"]
[Round "9.6"]
[White "Cieslak, Patryk"]
[Black "Ruck, Robert"]
[Result "1/2-1/2"]
[WhiteElo "2220"]
[BlackElo "2460"]
[EventDate "2025.06.11"]
[Board "4"]

1. e4 c6 2. Nf3 d5 3. exd5 cxd5 4. d4 Nc6 5. c3 Nf6 6. Ne5 g6 7. Bb5 Bd7 8.
Nxd7 Qxd7 9. O-O Bg7 10. Bf4 O-O 11. Nd2 Nh5 12. Be3 Qc7 13. Re1 Nf6 14.
Bf1 Rab8 15. Qf3 Qd7 16. Bf4 Rbc8 17. Nb3 Nh5 18. Bd2 e5 19. dxe5 Nxe5 20.
Qd1 Nc4 21. Bc1 Nf6 22. Nd2 Nd6 23. Nf3 a6 24. Bf4 Nde4 25. h3 Rfe8 26. Bd3
Qc6 27. Re2 Nh5 28. Be3 Qc7 29. Qb3 Qc6 30. Rae1 Nhf6 31. Qd1 Rcd8 32. Bd4
Nh5 33. Be3 Nhf6 34. a3 Nc5 35. Bc2 Nce4 36. Ba4 b5 37. Bc2 Nd6 38. Bd3 Nc4
39. Bd4 Nh5 40. Bxg7 Nxg7 41. Nd4 Qd7 42. Bxc4 dxc4 43. Qc1 Rxe2 44. Rxe2
Nf5 45. Re4 Nxd4 46. Rxd4 Qe7 47. Qe3 Qf6 48. Qf3 Qg5 49. Qe3 Qf6 50. Rd2
Rxd2 51. Qxd2 Qe5 52. Qd8+ Kg7 53. Qd2 g5 54. g3 Kg6 55. Qc2+ Qf5 56. Qd1
Qxh3 57. Qd8 Qf5 58. Kg2 Qe4+ 59. Kh2 Qf5 60. Kg2 Kg7 61. Qd4+ Qf6 62. Qd5
h6 63. Kg1 Qe6 64. Qd4+ Kg6 65. Qd8 f6 66. Qa8 f5 67. Qb8 Kh5 68. Qd8 f4
69. Qd1+ Kg6 70. g4 h5 71. gxh5+ Kh6 72. Qf3 Qf5 73. Qc6+ Kxh5 74. Qh1+ Kg6
75. Qc6+ Qf6 76. Qe4+ Kh6 77. Qh1+ Kg7 78. Qb7+ Qf7 79. Qxa6 Qd7 80. Kh2 g4
81. Qb6 Qf5 82. Qd4+ Kg6 83. a4 Qh5+ 84. Kg1 bxa4 85. Qxf4 Qg5 86. Qe4+ Kh6
87. Qxc4 Qc1+ 88. Kg2 Qxb2 89. Qxa4 Qb7+ 90. Kg1 Qb1+ 91. Kh2 Qb8+ 92. Kg2
Qb7+ 93. Kh2 Qb8+ 94. f4 gxf3+ 95. Kh3 Qf8 96. Qh4+ Kg6 97. Qg3+ Kh6 98.
Qh4+ Kg6 99. Qg3+ Kh6 100. Qf2 Qf4 101. Qb6+ Kh7 102. Qf2 Kg6 103. Qb6+ Kf7
104. Qd4 Qxd4 105. cxd4 Ke6 106. Kg3 Kd5 107. Kxf3 Kxd4 1/2-1/2

[Event "FIDE World Rapid Team"]
[Site "London ENG"]
[Date "2025.06.13"]
[Round "9.6"]
[White "Gaal, Zsoka"]
[Black "Tsatsalashvili, Keti"]
[Result "1-0"]
[WhiteElo "2218"]
[BlackElo "2254"]
[EventDate "2025.06.11"]
[Board "5"]

1. d4 Nf6 2. c4 e6 3. Nc3 Bb4 4. e3 c5 5. Ne2 d6 6. a3 Ba5 7. g3 O-O 8. Bg2
Qe7 9. O-O Nbd7 10. b3 Rb8 11. Bb2 a6 12. Qd3 Rd8 13. Rfd1 h6 14. Rab1 Nf8
15. Ba1 b5 16. cxb5 axb5 17. Nxb5 Ba6 18. a4 Qe8 19. Nec3 Bxc3 20. Bxc3
cxd4 21. Bxd4 e5 22. Ba7 Bxb5 23. axb5 Rxb5 24. Rdc1 d5 25. b4 Ne6 26. Bf1
Rb7 27. Qa6 Qe7 28. Bb6 Rdb8 29. Ba5 Ng5 30. Qe2 e4 31. Bg2 Nd7 32. h4 Ne6
33. Qd2 Nf6 34. Bf1 g5 35. hxg5 Nxg5 36. Bg2 Qd7 37. Qe2 Qf5 38. b5 Nf3+
39. Bxf3 exf3 40. Qf1 Qh5 41. Rb4 Ng4 42. Rxg4+ Qxg4 43. Bc7 Rc8 44. b6 Qh5
45. Rc6 Re8 46. Rd6 Re7 47. Rd8+ Kh7 48. Qd3+ Re4 49. Rxd5 Qg6 50. Rd7 Qe6
51. Rxf7+ Kg8 52. Rxf3 Kg7 53. Qd8 Qe8 54. Qf6+ Kg8 55. Qf5 Re6 56. Rf4 Kh8
57. Qd5 Qc6 58. Qd8+ Re8 59. Qd4+ Kg8 60. Rg4+ Kf7 61. Qg7+ Ke6 62. Rg6+
1-0

[Event "FIDE World Rapid Team"]
[Site "London ENG"]
[Date "2025.06.13"]
[Round "9.6"]
[White "Smolinski, Wojciech"]
[Black "Marton-John, Almos Kiran"]
[Result "1-0"]
[WhiteElo "1929"]
[BlackElo "1909"]
[EventDate "2025.06.11"]
[Board "6"]

1. e4 e5 2. Nf3 Nc6 3. Bc4 Bc5 4. c3 Nf6 5. d3 d6 6. Bg5 h6 7. Bh4 a5 8.
Nbd2 Ba7 9. a4 Be6 10. Bb3 O-O 11. O-O Kh7 12. Nc4 Rg8 13. Ne3 Ne7 14. Bg3
Ng6 15. Nh4 Nxh4 16. Bxh4 g5 17. Bg3 Qe7 18. Bc2 c5 19. Qe2 Raf8 20. Rad1
Ne8 21. Rfe1 Ng7 22. Qf3 f5 23. exf5 Nxf5 24. d4 Qf6 25. dxe5 dxe5 26. Ng4
Qf7 27. Bxe5 Rg6 28. Ne3 c4 29. g4 Nxe3 30. Bxg6+ Kxg6 31. Qe4+ Nf5 32.
gxf5+ Bxf5 33. Rd6+ Kh7 34. Qf3 Qe7 35. Qg3 Bd3 36. Re3 Bxe3 37. Qxe3 Re8
38. Rxd3 Qxe5 39. Rd7+ Kg6 40. Qxe5 Rxe5 41. Rxb7 Re2 42. Kg2 g4 43. Kg3 h5
44. Rb6+ Kg7 45. Rb5 Kg6 46. Rxa5 Rxb2 47. Rc5 Rd2 48. Rxc4 Rd3+ 49. Kg2
Kg5 50. a5 h4 51. Ra4 Rd1 52. h3 gxh3+ 53. Kxh3 Rd3+ 54. Kg2 Rxc3 55. a6
Rc8 56. a7 Ra8 57. Kh3 Kf5 58. Kxh4 Rh8+ 59. Kg3 Rg8+ 60. Kf3 Ra8 61. Ra5+
Ke6 62. Ke4 Kf6 63. f4 Kg6 64. Ra6+ Kg7 65. f5 Kf7 66. Kf4 Ke7 67. f6+ Kf8
68. Kg5 Kf7 69. Kf5 Kf8 70. Kg6 Kg8 71. f7+ Kf8 72. Re6 Rd8 73. Re8+ 1-0

[Event "FIDE World Rapid Team"]
[Site "London ENG"]
[Date "2025.06.13"]
[Round "9.7"]
[White "Hong, Andrew"]
[Black "Shirov, Alexei"]
[Result "1-0"]
[WhiteElo "2547"]
[BlackElo "2707"]
[EventDate "2025.06.11"]
[Board "1"]

1. d4 d5 2. c4 c6 3. Nf3 Nf6 4. Nc3 e6 5. e3 Nbd7 6. Qc2 Bd6 7. Be2 O-O 8.
O-O dxc4 9. Bxc4 b5 10. Bd3 Bb7 11. e4 e5 12. Bg5 exd4 13. Nxd4 Qc7 14. Kh1
Ng4 15. Nf5 Bf4 16. Be7 g6 17. g3 gxf5 18. Bxf8 Rxf8 19. gxf4 Qxf4 20. f3
Nge5 21. exf5 Nf6 22. Be4 Kh8 23. Ne2 Qh4 24. Qc5 Re8 25. Ng3 Nfd7 26. Qxa7
Rg8 27. Rg1 Bc8 28. Qe3 c5 29. Ne2 Re8 30. Qf4 Qxf4 31. Nxf4 Nf6 32. Rge1
Nxe4 33. fxe4 Bb7 34. Nd5 Nd3 35. Nf6 Rd8 36. Re2 Kg7 37. Nh5+ Kh6 38. Ng3
Ne5 39. Kg2 c4 40. a3 Kg5 41. Rf1 f6 42. Rc2 h5 43. Re2 Rd3 44. Nh1 Ng4 45.
Rf3 Rd4 46. Nf2 Nxf2 47. Kxf2 Rxe4 48. Rxe4 Bxe4 49. Rg3+ Kxf5 50. Ke3 Bc2
51. Rg7 h4 52. h3 Bd1 53. Rb7 Ba4 54. Rh7 Kg5 55. Rg7+ Kh6 56. Rg4 Kh5 57.
Kf4 Bc2 58. Rg8 Kh6 59. Rb8 Bd3 60. Rxb5 c3 61. Rb3 1-0

[Event "FIDE World Rapid Team"]
[Site "London ENG"]
[Date "2025.06.13"]
[Round "9.7"]
[White "Dudin, Gleb"]
[Black "Short, Nigel D"]
[Result "1-0"]
[WhiteElo "2454"]
[BlackElo "2533"]
[EventDate "2025.06.11"]
[Board "2"]

1. d4 Nf6 2. c4 e6 3. Nf3 d5 4. g3 Bb4+ 5. Bd2 Be7 6. Bg2 O-O 7. O-O Nbd7
8. b4 c6 9. a4 b6 10. Qb3 Ne4 11. Rc1 dxc4 12. Qxc4 Nxd2 13. Nbxd2 Bb7 14.
a5 Rc8 15. Qb3 Qc7 16. Nc4 Bf6 17. Ra2 Rfd8 18. e3 Qb8 19. Rac2 c5 20. dxc5
bxc5 21. b5 Bc6 22. Rb1 Be4 23. Nfd2 Bxc2 24. Qxc2 Ne5 25. Be4 g6 26. b6
Nc6 27. b7 Rc7 28. Bxc6 Rxc6 29. Qa4 Rc7 30. a6 Be7 31. Nb3 Rxb7 32. axb7
Qxb7 33. Nbd2 Qc7 34. Qa6 Rb8 35. Rxb8+ Qxb8 36. h4 Kg7 37. Qc6 Qd8 38. Qb7
a5 39. Qa7 h5 40. Qxa5 Qd5 41. Qc3+ Bf6 42. Qc2 g5 43. hxg5 Bxg5 44. Qe4 f5
45. Qe5+ Bf6 46. Qc7+ Kg6 47. Nd6 Be5 48. Qf7+ Kh6 49. N6c4 Bc3 50. e4 fxe4
51. Qf4+ Kg6 52. Qxe4+ Qxe4 53. Nxe4 Bd4 54. Kg2 Kf5 55. f3 e5 56. Kh3 Ke6
57. Nb6 Kf5 58. Kh4 Kg6 59. Nc4 Kh6 60. Nf6 Kg6 61. Nxh5 Kf5 62. g4+ Ke6
63. Ng3 Kd5 64. Na3 Bf2 65. g5 e4 66. fxe4+ Ke5 67. Kg4 Be1 68. Nc4+ Kd4
69. g6 1-0

[Event "FIDE World Rapid Team"]
[Site "London ENG"]
[Date "2025.06.13"]
[Round "9.7"]
[White "Bologan, Victor"]
[Black "Shabalov, Alexander"]
[Result "0-1"]
[WhiteElo "2501"]
[BlackElo "2526"]
[EventDate "2025.06.11"]
[Board "3"]

1. e4 c5 2. Nf3 e6 3. d3 Nc6 4. g3 g6 5. Bg2 Bg7 6. c3 d5 7. Qe2 Nge7 8.
O-O O-O 9. Na3 b6 10. e5 Ba6 11. Nc2 b5 12. d4 Qa5 13. b4 cxb4 14. cxb4 Qa4
15. Rb1 Bb7 16. a3 a5 17. Nfe1 axb4 18. axb4 Nf5 19. Be3 Rfc8 20. Rb2 Nxe5
21. dxe5 Bxe5 22. Bc1 Bg7 23. Rb1 Qa2 24. Bb2 Qxb1 25. Bxg7 Kxg7 26. Qe5+
Kg8 27. g4 Nh4 28. Nd4 Nxg2 29. Nxe6 Qa1 30. Qc3 0-1

[Event "FIDE World Rapid Team"]
[Site "London ENG"]
[Date "2025.06.13"]
[Round "9.7"]
[White "Glek, Igor"]
[Black "Al-Mudahka, Mohd"]
[Result "0-1"]
[WhiteElo "2416"]
[BlackElo "2479"]
[EventDate "2025.06.11"]
[Board "4"]

1. e4 c5 2. Nf3 g6 3. c3 Bg7 4. h3 d5 5. e5 d4 6. cxd4 cxd4 7. Bc4 Nc6 8.
e6 Bxe6 9. Bxe6 fxe6 10. d3 Qd5 11. O-O Nf6 12. Re1 e5 13. Nbd2 O-O 14. a3
Rac8 15. Qe2 Nd7 16. Ne4 Na5 17. Bg5 Nb3 18. Rad1 Rf7 19. Bh4 h6 20. Bg3 a5
21. Nfd2 Rc2 22. Qg4 Nxd2 23. Rxd2 Rxd2 24. Nxd2 Kh7 25. Rc1 Nc5 26. Qe2 a4
27. Re1 b5 28. h4 Rf5 29. Ne4 Nb3 30. Qc2 Qd7 31. Nd2 Qd5 32. Nxb3 Qxb3 33.
Qxb3 axb3 34. Rc1 Kg8 35. f3 Kf7 36. Rc7 Bf6 37. Rb7 e4 38. fxe4 Rc5 39.
Kf2 Rc2+ 40. Kf3 Rxb2 41. Rxb5 Rb1 42. e5 Bg7 43. Ke4 b2 44. Kxd4 Ke6 45.
Ke4 Kd7 46. d4 Kc6 47. a4 e6 48. Kd3 Rd1+ 49. Kc2 Rxd4 50. Rxb2 Rxa4 51.
Kd2 Rg4 52. Rb3 Kd5 53. Ke2 h5 54. Kf3 Rc4 55. Rb7 Rc3+ 56. Kf2 Bh6 57. Rf7
Ke4 58. Rf6 Be3+ 59. Ke2 Rc2+ 60. Kf1 Rc1+ 61. Ke2 Rg1 62. Rxg6 Rxg2+ 63.
Kf1 Rg1+ 64. Ke2 Bf4 0-1

[Event "FIDE World Rapid Team"]
[Site "London ENG"]
[Date "2025.06.13"]
[Round "9.7"]
[White "Zhu, Chen"]
[Black "Zatonskih, Anna"]
[Result "1-0"]
[WhiteElo "2312"]
[BlackElo "2255"]
[EventDate "2025.06.11"]
[Board "5"]

1. e4 e6 2. d4 d5 3. Nd2 c5 4. exd5 Qxd5 5. Ngf3 cxd4 6. Bc4 Qd6 7. O-O Nf6
8. Nb3 Nc6 9. Nbxd4 Nxd4 10. Qxd4 Qxd4 11. Nxd4 Bd7 12. a4 Rc8 13. Bd3 Be7
14. Re1 O-O 15. h3 Rfd8 16. Nf3 Be8 17. Be3 Nd5 18. Bxa7 Nb4 19. Bb6 Nxd3
20. cxd3 Rxd3 21. a5 Bf6 22. Rac1 Rxc1 23. Rxc1 Kf8 24. Rc8 Be7 25. Ne5
Rd1+ 26. Kh2 Bd6 27. f4 f6 28. Nd7+ Ke7 29. Nc5 Bc6 30. Rxc6 bxc6 31. a6
Ra1 32. a7 Bxf4+ 33. g3 Bd6 34. Kg2 Bxc5 35. Bxc5+ Kd7 36. Ba3 1-0

[Event "FIDE World Rapid Team"]
[Site "London ENG"]
[Date "2025.06.13"]
[Round "9.7"]
[White "Volkov, Leonid"]
[Black "Zaiarski, Stepan"]
[Result "0-1"]
[WhiteElo "1833"]
[BlackElo "1764"]
[EventDate "2025.06.11"]
[Board "6"]

1. e4 e5 2. Nf3 Nc6 3. Bc4 Nf6 4. d3 Be7 5. O-O O-O 6. c3 d5 7. exd5 Nxd5
8. Re1 Nb6 9. Bb3 Bg4 10. h3 Bh5 11. a4 a5 12. g4 Bg6 13. Nxe5 Nxe5 14.
Rxe5 Bd6 15. Re1 Qh4 16. Qf3 Kh8 17. Be3 f5 18. Nd2 Rae8 19. Qg2 Nd7 20.
Nf3 Qd8 21. Bg5 Qc8 22. Be6 Rxe6 23. Rxe6 fxg4 24. hxg4 Nc5 25. Rxg6 hxg6
26. Qh3+ Kg8 27. Be3 Ne6 28. Kg2 Nf4+ 29. Bxf4 Rxf4 30. Nh2 Qf8 31. Qe3 g5
32. d4 Qf7 33. Re1 Qd5+ 34. f3 Qb3 35. Qe6+ Qxe6 36. Rxe6 Kf7 37. Re4 c5
38. Nf1 cxd4 39. cxd4 Rf6 40. Ne3 Rh6 41. Nf5 Rh2+ 42. Kg1 Bb8 43. Re7+ Kf8
44. Rxb7 Bf4 45. d5 Rd2 46. Rb5 g6 47. d6 gxf5 48. Rxf5+ Ke8 49. Rxa5 Rxb2
50. Rd5 Kd7 51. a5 Ra2 52. Kf1 Rc2 53. Ke1 Rc6 54. Ke2 Rxd6 55. Rf5 Rd2+
56. Ke1 Ra2 57. Rf7+ Kc6 58. Rf6+ Kb5 59. Rf5+ Ka6 60. Rd5 Rxa5 61. Rd3 Ra2
62. Rb3 Ka5 63. Kd1 Ka4 64. Rd3 Kb4 65. Rd7 Kc3 66. Ke1 Rd2 67. Re7 Bg3+
68. Kf1 Rf2+ 69. Kg1 Rxf3 70. Kg2 Rd3 71. Re6 Bf4 72. Re8 Kd2 73. Re6 Rg3+
74. Kh1 Rxg4 75. Re2+ Kd3 76. Ra2 Rh4+ 77. Kg1 Ke3 78. Ra3+ Ke4 79. Ra4+
Kf3 80. Ra3+ Kg4 81. Kg2 Rh2+ 82. Kg1 Rb2 83. Ra4 Kf3 84. Ra3+ Be3+ 85. Kh1
g4 86. Ra7 g3 87. Rf7+ Bf4 0-1

[Event "FIDE World Rapid Team"]
[Site "London ENG"]
[Date "2025.06.13"]
[Round "9.8"]
[White "Rodshtein, Maxim"]
[Black "Nogerbek, Kazybek"]
[Result "0-1"]
[WhiteElo "2603"]
[BlackElo "2531"]
[EventDate "2025.06.11"]
[Board "1"]

1. d4 Nf6 2. c4 e6 3. Nc3 d5 4. cxd5 exd5 5. Bg5 Be7 6. e3 O-O 7. Bd3 h6 8.
Bh4 Re8 9. Nge2 c6 10. h3 a5 11. O-O Na6 12. f3 b5 13. Rc1 Nh5 14. Bf2 Bg5
15. Qd2 g6 16. g4 Ng7 17. Nf4 h5 18. Nce2 hxg4 19. hxg4 Bd7 20. Kg2 Nc7 21.
Rh1 Nge6 22. Rh2 Bf6 23. Rch1 Bg7 24. Bh4 Qc8 25. Bg3 Ng5 26. Rh4 Qd8 27.
Qc1 Qe7 28. Bf2 Qf6 29. Qg1 Nce6 30. Qh2 Kf8 31. Nxe6+ Rxe6 32. Rh8+ Bxh8
33. Qxh8+ Ke7 34. Qxf6+ Kxf6 35. Nf4 Ree8 36. Be2 Kg7 37. Bg3 Rxe3 38. Kf2
Rae8 39. Bh4 f6 40. Rc1 Nh3+ 41. Nxh3 Rxe2+ 0-1

[Event "FIDE World Rapid Team"]
[Site "London ENG"]
[Date "2025.06.13"]
[Round "9.8"]
[White "Makhnev, Denis"]
[Black "Steinberg, Nitzan"]
[Result "1-0"]
[WhiteElo "2531"]
[BlackElo "2516"]
[EventDate "2025.06.11"]
[Board "2"]

1. d4 d5 2. Nf3 Nf6 3. Bf4 e6 4. e3 c5 5. Nbd2 Qb6 6. Rb1 Bd6 7. Bxd6 Qxd6
8. dxc5 Qxc5 9. b4 Qe7 10. c4 O-O 11. Be2 Rd8 12. O-O dxc4 13. Bxc4 b6 14.
Qe2 Bb7 15. Rfc1 h6 16. a4 Nc6 17. a5 Nxb4 18. axb6 axb6 19. e4 Nd7 20. Bb5
Nb8 21. Qe3 Ba6 22. Qxb6 Bxb5 23. Qxb5 N8a6 24. Rc3 Na2 25. Re3 Rdc8 26.
Qb2 N2b4 27. h3 Rab8 28. Rb3 Rc2 29. Qd4 Rd8 30. Qe3 e5 31. Nf1 Nc6 32. Qb6
Qc5 33. Ne3 Rc1+ 34. Rxc1 Qxc1+ 35. Kh2 Rb8 36. Qxa6 Rxb3 37. Qc8+ Kh7 38.
Nxe5 Rc3 39. Qf5+ Kh8 40. Nxf7+ Kg8 41. Qg6 Rc5 42. Nxh6+ Kh8 43. Nf7+ Kg8
44. Ng5 Rxg5 45. Qxg5 Qc3 46. Qd5+ Kh8 47. Ng4 Qc1 48. e5 Qf4+ 49. g3 Qc1
50. e6 Qc2 51. Qh5+ Kg8 52. e7 1-0

[Event "FIDE World Rapid Team"]
[Site "London ENG"]
[Date "2025.06.13"]
[Round "9.8"]
[White "Sokolovsky, Yahli"]
[Black "Suleymenov, Alisher"]
[Result "1-0"]
[WhiteElo "2367"]
[BlackElo "2428"]
[EventDate "2025.06.11"]
[Board "3"]

1. e4 e5 2. Nf3 Nc6 3. Bb5 a6 4. Ba4 Nf6 5. O-O Nxe4 6. d4 b5 7. Bb3 d5 8.
dxe5 Be6 9. Qe2 Nc5 10. Rd1 Nxb3 11. axb3 Be7 12. c4 b4 13. Nbd2 O-O 14.
Nf1 Qd7 15. Bg5 Rfd8 16. Ne3 d4 17. Nd5 Bxd5 18. cxd5 Qxd5 19. Bxe7 Nxe7
20. Rxd4 Qxb3 21. Rxa6 Rab8 22. e6 Rxd4 23. Nxd4 Qd5 24. exf7+ Kxf7 25. Re6
Ng6 26. Re4 Kg8 27. h4 c5 28. Ne6 Re8 29. Qg4 Re7 30. Ng5 Rxe4 31. Nxe4 Qe5
32. h5 Ne7 33. h6 Nf5 34. hxg7 h6 35. g3 c4 36. Nd2 Qe1+ 37. Nf1 Nd6 38.
Qf4 Qe7 39. Qxh6 Nf7 40. Qc6 Ne5 41. Qd5+ Kxg7 42. Ne3 Qc7 43. Qe6 Kh7 44.
Nd5 Qg7 45. Nf6+ Kg6 46. Ne8+ 1-0

[Event "FIDE World Rapid Team"]
[Site "London ENG"]
[Date "2025.06.13"]
[Round "9.8"]
[White "Mamedov, Edgar"]
[Black "Bronstein, Or"]
[Result "0-1"]
[WhiteElo "2324"]
[BlackElo "2345"]
[EventDate "2025.06.11"]
[Board "4"]

1. d4 Nf6 2. c4 e6 3. Nf3 d5 4. Nc3 Nbd7 5. Bf4 Bb4 6. cxd5 exd5 7. e3 Ne4
8. Rc1 g5 9. Be5 f6 10. Bg3 h5 11. Qb3 Bxc3+ 12. bxc3 Nb6 13. h4 Nxg3 14.
fxg3 Qd6 15. Kf2 gxh4 16. Rxh4 Bg4 17. Qb5+ c6 18. Qb4 Qc7 19. Nh2 Be6 20.
Be2 O-O-O 21. Nf1 Kb8 22. Qb2 Rdg8 23. Qd2 Bg4 24. Bxg4 hxg4 25. Rxh8 Rxh8
26. Qd3 Qd7 27. Rc2 Nc4 28. e4 Nd6 29. exd5 cxd5 30. Nd2 Qe6 31. Rc1 Re8
32. Rh1 Ne4+ 33. Nxe4 dxe4 34. Qc2 e3+ 35. Ke1 Qd6 36. Qe2 Qc7 37. c4 Qxg3+
38. Kd1 Qf4 39. Kc2 Qxd4 40. Rd1 Qe4+ 41. Kb3 f5 42. a3 a6 43. Rd6 Qb1+ 44.
Ka4 Re4 45. Rd5 Rxc4+ 46. Qxc4 b5+ 0-1

[Event "FIDE World Rapid Team"]
[Site "London ENG"]
[Date "2025.06.13"]
[Round "9.8"]
[White "Efroimski, Marsel"]
[Black "Kairbekova, Amina"]
[Result "0-1"]
[WhiteElo "2337"]
[BlackElo "2280"]
[EventDate "2025.06.11"]
[Board "5"]

1. e4 c5 2. Nf3 e6 3. c3 d5 4. e5 d4 5. d3 Nc6 6. c4 Nge7 7. Bf4 Ng6 8. Bg3
Qc7 9. Qe2 b6 10. Nbd2 Bb7 11. h4 h5 12. Ng5 Ncxe5 13. O-O-O Bd6 14. Nde4
Bxe4 15. Nxe4 f6 16. Re1 O-O-O 17. Nxd6+ Qxd6 18. Qe4 Qc6 19. Qxc6+ Nxc6
20. Rxe6 Nce5 21. Bxe5 Nxe5 22. Re7 Rd7 23. Rxd7 Kxd7 24. Be2 a6 25. Kd2 b5
26. cxb5 axb5 27. a3 g6 28. Rh3 Kd6 29. Rg3 f5 30. Rg5 Rh6 31. Rg3 Ng4 32.
Bxg4 hxg4 33. f3 Rxh4 34. Ke2 Ke5 35. Kf2 Kf4 36. Rxg4+ Rxg4 37. fxg4 Kxg4
38. b3 Kf4 39. a4 bxa4 40. bxa4 Ke5 41. a5 Kd6 42. Kf3 g5 0-1